000 00600nam a22001932 4500
001 0000007263
005 20151217155833.0
008 071213s xx 000 0 eng d
020 _a996690123x :
_cKES
040 _aKABU
_cKABU
100 1 _aBennaars, Gerard A.
_@0000153465
245 1 0 _aSchools in need of education :
_btowards an African pedagogy /
_cGerard A. Bennaars.
260 _aNairobi :
_bLectern,
_c1998.
300 _aix, 61 p.
650 0 _aPopular education
_zAfrica.
_@0000158459
908 _a071213
950 _@1
999 _c13058
_d13058